US Cities by Letter - C - Statistics

General Stats
  • This quiz has been taken 141 times
  • The average score is 10 of 15
Answer Stats
Population State Answer % Correct
8,608,208 IL Chicago
97%
1,624,827 OH Cincinnati
96%
1,368,035 OH Columbus
96%
253,602 GA Columbus
96%
1,780,673 OH Cleveland
94%
1,249,442 NC Charlotte
93%
548,404 SC Charleston
85%
559,409 CO Colorado Springs
83%
549,777 SC Columbia
79%
381,112 TN Chattanooga
63%
320,069 TX Corpus Christi
58%
530,290 FL Cape Coral
36%
279,345 OH Canton
23%
615,968 CA Concord
9%
214,881 NC Concord
9%
No matching quizzes found
Score Distribution
Percent of People with Each Score
Percentile by Number Answered
Your Score History
You have not taken this quiz